Tierquiz nach Buchstabe - D - Statistiken

Allgemein
  • Dieses Quiz wurde 44 mal gespielt
  • Das Durchschnittsergebnis liegt bei 2 aus 15
Antwortstatistiken
Hint Antwort % Korrekt
In Deutschland sehr beliebte Hunderasse mit Chondrodysplasie. Dackel
50%
Kleiner, schwarzer Vertreter der Rabenvögel. Verbreitet in Eurasien. Dohle
42%
Seltene, sehr friedliche und soziale Meeressäuger. Ernähren sich herbivor. Dugong
36%
Eine Gattung sehr langsamer Baumbewohner. Ihr Fell bildet einen eigenen Lebensraum für eine Vielzahl von Kleinstlebewesen. Dreifinger Faultier
33%
In Chile endemisches Nagetier welches sich nur einmal pro Jahr fortpflanzt. In Europa beliebtes Heimtier. Degu
22%
Gattung der Hornträger. Mit einer Schulterhöhe von 30 - 40cm sehr kleine Wiederkäuer. Leben in Afrika. Dikdiks
19%
Die Männchen dieses grünen Reptils tragen drei markante Hörner auf dem Kopf welche dem Weibchen fehlen. Man findet sie in Ostafrika. Dreihornchamäleon
14%
Familie von Fischen die ihren Namen der "Klinge" vor ihrer Schwanzbasis verdanken. Sehr anspruchsvolle Aquarienfische. Doktorfische
8%
Einziger Primat welcher sich grösstenteils von Gras ernährt. Leben ausschliesslich im Hochland Äthiopiens. Dschelada
8%
Sehr kleine Taubenart Australiens. Zählt zu den am häufigsten gehaltenen Taubenarten. Diamanttäubchen
6%
Gebirgsbewohner Nordamerikas. Diese Wiederkäuer sind deutlich grösser als ihre domestizierten Verwandten. Dickhornschaf
3%
Diese Reptilien sind ausgesprochene Wüstenbewohner. Verbreitung von Westafrika bis Westindien. Namensgebend ist die Form ihres Schwanzes. Dornschwanzagame
3%
Flugunfähiger Vogel der seinen Namen der Form seines Schnabels verdankt. Kommt ausschliesslich auf der Südinsel Neuseelands vor. Dickschnabelpinguin
0%
Vogel Eurasiens mit sehr langer Zunge und markantem Geräusch. Im Gegensatz zu seinem etwas grösseren Verwandten fehlt ihm die rote Zeichnung am Kopf. Dreizehenspecht
0%
In Madagaskar anzutreffende, relativ kleine Würgeschlange. Nachtaktiver Lauerjäger. Dumerils Boa
0%
Keine übereinstimmenden Quizze gefunden
Verteilung der Resultate
Anzahl Personen mit jedem Resultat
Perzentil nach korrekt beantworteten Fragen
Ihre Resultats-Entwicklung
Sie haben dieses Quiz noch nicht gespielt